Joueurs brésiliens ayant joué à Chelsea FC - Statistiques

Statistiques générales
  • Ce quiz a été pris 45 fois
  • Le résultat moyen est 9 sur 23
Statistiques - réponses
Année d'arrivée Année de départ Club précédant Club suivant Nombre de match Joueurs % Correct
2020 2024 Paris Saint-Germain Fluminense FC 155 Thiago Silva
93%
2016 2019 Paris Saint-Germain Arsenal FC 105 David Luiz
89%
2011 2014 SL Benfica Paris Saint-Germain 143 David Luiz
89%
2025 En cours Brighton & Hove Albion En cours 47 João Pedro
87%
2025 En cours SE Palmeiras En cours 34 Estêvão
82%
2012 2017 SC Internacional Shanghai Port 203 Oscar
78%
2013 2020 Anji Makhatchkala Arsenal FC 339 Willian
76%
2004 2012 Santos FC Paris Saint-Germain 134 Alex
58%
2010 2016 SL Benfica Jiangsu FC 251 Ramires
58%
2023 En cours CR Vasco de Gama En cours 42 Andrey Santos
47%
2014 2015 Atlético de Madrid Atlético de Madrid 26 Filipe Luís
42%
2016 2016 SC Corinthians SC Corinthians 2 Alexandre Pato
27%
2023 2024 Santos FC Al-Nassr FC 0 Ângelo
20%
2023 En cours Santos FC En cours 3 Deivid Washington
18%
2015 2022 Fluminense FC Real Valladolid 30 Kenedy
18%
2007 2010 FC Barcelone Fluminense FC 94 Juliano Belletti
16%
2012 2021 FC São Paulo SC Braga 3 Lucas Piazón
13%
2008 2009 Herta BSC FC Schalke 04 2 Mineiro
2%
2004 2008 Santos FC FK Dnipro 0 Alcides
0%
2026 En cours SC Corinthias U20 En cours 0 Denner
0%
1999 2000 Sheffield Wednesday AFC Sunderland 22 Emerson Thome
0%
2015 2020 CA Paranaense CA Mineiro 0 Nathan
0%
2013 2019 Fluminense FC Figueirense FC 0 Wallace Oliveira
0%
Aucun quiz correspondant
Distribution des résultats
% des personnes avec chaque résultat
Percentile par nombre de réponses
Votre historique - résultats
Vous n’avez pas pris ce quiz